| LEADER |
01129nam0a2200205 450 |
| 001 |
16840022 |
| 010 |
|
|
|a 978-2-330-16807-0
|d 23,5
|
| 100 |
|
|
|a 20220823d2022 u u0frey01 ba
|
| 101 |
1 |
|
|a fre
|c jpn
|
| 102 |
|
|
|a FR
|
| 200 |
0 |
|
|a sept divinités du bonheur (Les)
|f Keigo Higashino
|g trad. Sophie Refle
|
| 207 |
|
1 |
|a
|
| 210 |
|
|
|a Arles
|b 43-47 Rue du docteur Fanton. - Passage du Méjan
|c Actes Sud
|d 2022
|
| 225 |
1 |
|
|a Actes noirs
|
| 330 |
|
|
|a Aoyagi Takeaki, un homme dune cinquantaine dannées, est assassiné au pied de la statue du dragon ailé qui orne le pont de Nihonbashi, à Tokyo. Une enquête apparemment simple pour lenquêteur Kaga, fraîchement arrivé au commissariat dun quartier daffaires prospère de la capitale. Mais les apparences sont parfois trompeuses : comment servir la vérité lorsque le suspect numéro un savère innocent ?
|
| 700 |
|
0 |
|a Higashino
|b Keigo
|c Auteur du texte
|f 1958-....
|4 70
|
| 702 |
|
0 |
|a Refle
|b Sophie
|c Traducteur
|4 730
|
| 900 |
|
|
|a Roman Policier
|
| 901 |
|
|
|a Accessible au prêt
|
| 995 |
|
|
|a Bibliothèque
|c Bibliothèque
|f 024022833
|h 024022833
|k RP HIG
|o p
|q a
|r az
|e Bibliothèque
|